Logo BPK

Biblioteka

Politechniki Koszalińskiej

System prawa własności intelektualnej. (Rekord nr 29341)

Szczegóły MARC
000 -ETYKIETA REKORDU
podpole kontrolne o stałej długości 00409nam a2200145 i 4500
001 - NUMER KONTROLNY REKORDU
pole kontrolne bg
040 ## - ŹRÓDŁO KATALOGOWANIA
Instytucja, która utworzyła rekord BPK
041 ## - KOD JĘZYKA
Kod języka tekstu pol
008 - POLE O STAŁEJ DŁUGOŚCI - DANE KONTROLNE
podpole kontrolne o stałej długości s pl f |000 0 pol
245 00 - TYTUŁ/ODPOWIEDZIALNOŚĆ
Tytuł System prawa własności intelektualnej.
Oznaczenie części/sekcji dzieła T.3,
Tytuł części/sekcji dzieła Prawo wynalazcze /
Pozostałe elementy strefy tytułu i oznaczenia odpowiedzialności red. Janusz Szwaja i Andrzej Szajkowski.
260 ## - STREFA ADRESU WYDAWNICZEGO
Miejsce wydania Wrocław,
Data publikacji, dystrybucji/powstania dokumentu 1990.
700 1# - HASŁO DODATKOWE - NAZWA OSOBOWA
Nazwa osobowa SZWAJA, Janusz.
700 1# - HASŁO DODATKOWE - NAZWA OSOBOWA
Nazwa osobowa SZAJKOWSKI, Andrzej.
856 ## - LOKALIZACJA I DOSTĘP DO ELEKTRONICZNYCH DOKUMENTÓW ZDALNYCH
Link (URL) http://koha.tu.koszalin.pl/cgi-bin/koha/opac-detail.pl?biblionumber=29341
Tekst linku Katalog online BPK
942 ## - DODATKOWE ELEMENTY (KOHA)
Typ dokumentu Książka
Egzemplarze
Wycofany Status egzemplarza Uszkodzony Dostępność Lokalizacja stała Lokalizacja bieżąca Miejsce przechowywania Sygnatura Kod kreskowy Typ dokumentu
      Tylko na miejscu Biblioteka Politechniki Koszalińskiej Biblioteka Politechniki Koszalińskiej Czytelnia Wydziałowa ul. Kwiatkowskiego 6e 35488 01882568 Książka
© 2023 Biblioteka Politechniki Koszalińskiej :: KOHA